Statistics for Country to capital #1

Click here to take the quiz!

General Stats

  • This quiz has been taken 33 times
  • The average score is 9 of 10

Answer Stats

HintAnswer% Correct
GermanyBerlin
100%
IndiaNew Delhi
100%
JapanTokyo
100%
United StatesWashington D.C.
100%
BulgariaSofia
97%
TurkeyAnkara
94%
CanadaOttawa
94%
ChileSantiago
90%
SerbiaBelgrade
81%
SamoaApia
52%

Score Distribution

Percentile by Number Answered

Percent of People with Each Score

Your Score History

You have not taken this quiz